Vplyv viacnásobného spracovania na výsledné vlastnosti zmesí PLA/PHB/zmäkčovadlo
Saved in:
| Main Author: | |
|---|---|
| Other Authors: | |
| Format: | Manuscript Book |
| Language: | Slovak |
| Published: |
2020
|
| Subjects: | |
| Online Access: | http://is.stuba.sk/zp/portal_zp.pl?podrobnosti=150708 |
| Tags: |
No Tags, Be the first to tag this record!
|
MARC
| LEADER | 00000ntm a22000003a 4500 | ||
|---|---|---|---|
| 001 | stuzp78514 | ||
| 003 | SK-STU | ||
| 005 | 20200627210329.5 | ||
| 007 | ta | ||
| 008 | 150427s2015----xo-----f-mn---000-0-slo-d | ||
| 040 | |a STU |b slo | ||
| 041 | 0 | |a slo | |
| 100 | 1 | |a Drobná, Annamária |u 049370 |4 aut |U FCHPT Ústav prírodných a syntetických polymérov |T FCHPT Oddelenie plastov, kaučuku a vlákien |X 81907 |U C9370 |Y 128 |7 81907 | |
| 242 | 0 | 1 | |a The Influence of Multiple Processing on Properties of PLA/PHB/Plasticizer Polymer Blends |y eng |
| 245 | 1 | 0 | |a Vplyv viacnásobného spracovania na výsledné vlastnosti zmesí PLA/PHB/zmäkčovadlo |
| 260 | |c 2020 | ||
| 650 | 4 | |a biodegradácia |2 slo | |
| 650 | 4 | |a recyklácia |2 slo | |
| 650 | 4 | |a kyselina polymliečna |2 slo | |
| 650 | 4 | |a biodegradation |2 eng | |
| 650 | 4 | |a recycling |2 eng | |
| 650 | 4 | |a polylactic acid |2 eng | |
| 700 | 1 | |a Plavec, Roderik |u 049370 |k Z2 |4 ths |U FCHPT Ústav prírodných a syntetických polymérov |T FCHPT Oddelenie plastov, kaučuku a vlákien |X 26421 |U C9370 |Y 128 |7 A000026421 | |
| 856 | 4 | |u http://is.stuba.sk/zp/portal_zp.pl?podrobnosti=150708 | |